Nutritional intake in India, 2011-12 (Record no. 17503)
[ view plain ]
| 000 -LEADER | |
|---|---|
| fixed length control field | 00593nam a2200169Ia 4500 |
| 082 ## - DEWEY DECIMAL CLASSIFICATION NUMBER | |
| Classification number | RR 363.80954 IND; |
| 245 #0 - TITLE STATEMENT | |
| Title | Nutritional intake in India, 2011-12 |
| 260 ## - PUBLICATION, DISTRIBUTION, ETC. (IMPRINT) | |
| Place of publication | New Delhi |
| Name of publisher | the author |
| Year of publication | 2014 |
| 300 ## - PHYSICAL DESCRIPTION | |
| Number of Pages | v.p |
| 440 ## - SERIES STATEMENT/ADDED ENTRY--TITLE | |
| Title | NSS report no; 560(68/1.0/3) |
| 504 ## - BIBLIOGRAPHY, ETC. NOTE | |
| Bibliography, etc | contents: NSS 68th Round (July 2011-June 2012) |
| 650 ## - SUBJECT ADDED ENTRY--TOPICAL TERM | |
| Topical Term | nutrition policy - india |
| 650 ## - SUBJECT ADDED ENTRY--TOPICAL TERM | |
| Topical Term | nutrition - india - ststistics |
| 650 ## - SUBJECT ADDED ENTRY--TOPICAL TERM | |
| Topical Term | dietaries |
| 710 ## - ADDED ENTRY--CORPORATE NAME | |
| Corporate name or jurisdiction name as entry element | India. Ministry of Statistics and Programme Implementation. National Statistical Organisation. National Sample Survey Office |
| 942 ## - ADDED ENTRY ELEMENTS (KOHA) | |
| Koha item type | Research Reports |
| Source of classification or shelving scheme | Dewey Decimal Classification |
| Withdrawn status | Lost status | Damaged status | Not for loan | Collection code | Home library | Current library | Date acquired | Source of acquisition | Bill Date | Full call number | Accession Number | Price effective from | Koha item type |
|---|---|---|---|---|---|---|---|---|---|---|---|---|---|
| Series | NASSDOC Library | NASSDOC Library | 24/03/2015 | Gifted by : the author | 2005-03-16 | RR 363.80954 IND; | S000207 | 18/04/2019 | Books |
